Strategy for sustainable competitive advantage : (Record no. 14829)

000 -LEADER
fixed length control field 01568cam a22003254a 4500
001 - CONTROL NUMBER
control field 17013622
005 - DATE AND TIME OF LATEST TRANSACTION
control field 20170105102905.0
008 - FIXED-LENGTH DATA ELEMENTS--GENERAL INFORMATION
fixed length control field 111020s2012 nyua b 001 0 eng
010 ## - LIBRARY OF CONGRESS CONTROL NUMBER
LC control number 2011043223
020 ## - INTERNATIONAL STANDARD BOOK NUMBER
International Standard Book Number 9780415522748 (alk. paper)
020 ## - INTERNATIONAL STANDARD BOOK NUMBER
International Standard Book Number 9780203121122 (ebook)
040 ## - CATALOGING SOURCE
Original cataloging agency DLC
Transcribing agency DLC
Modifying agency DLC
043 ## - GEOGRAPHIC AREA CODE
Geographic area code a-cc---
050 00 - LIBRARY OF CONGRESS CALL NUMBER
Classification number HD30.28
Item number .C4646 2012
082 00 - DEWEY DECIMAL CLASSIFICATION NUMBER
Classification number 658.4/012
Edition number 23
100 1# - MAIN ENTRY--PERSONAL NAME
Personal name Chaston, Ian.
245 10 - TITLE STATEMENT
Title Strategy for sustainable competitive advantage :
Remainder of title surviving declining demand and China's global development /
Statement of responsibility, etc. by Ian Chaston.
260 ## - PUBLICATION, DISTRIBUTION, ETC.
Place of publication, distribution, etc. New York :
Name of publisher, distributor, etc. Routledge,
Date of publication, distribution, etc. 2012.
300 ## - PHYSICAL DESCRIPTION
Extent x, 304 p. :
Other physical details ill. ;
Dimensions 24 cm.
490 0# - SERIES STATEMENT
Series statement Routledge research in organizational behaviour and strategy ;
Volume/sequential designation 7
504 ## - BIBLIOGRAPHY, ETC. NOTE
Bibliography, etc. note Includes bibliographical references (p. [273]-297) and index.
505 0# - FORMATTED CONTENTS NOTE
Formatted contents note A very uncertain world -- Knowledge and competitive advantage -- Strategic planning -- Assessing external environments -- Internal competence -- Gap assessment -- Issues, objectives and stakeholders -- Strategy -- Technology strategies -- Knowledge, networks and innovation -- Public sector planning -- Organisational structure -- Implementing strategy -- Implementation errors -- Riding the smart wave.
650 #0 - SUBJECT ADDED ENTRY--TOPICAL TERM
Topical term or geographic name entry element Strategic planning.
650 #0 - SUBJECT ADDED ENTRY--TOPICAL TERM
Topical term or geographic name entry element Organizational behavior.
650 #0 - SUBJECT ADDED ENTRY--TOPICAL TERM
Topical term or geographic name entry element Competition, International.
651 #0 - SUBJECT ADDED ENTRY--GEOGRAPHIC NAME
Geographic name China
General subdivision Commerce.
906 ## - LOCAL DATA ELEMENT F, LDF (RLIN)
a 7
b cbc
c orignew
d 1
e ecip
f 20
g y-gencatlg
942 ## - ADDED ENTRY ELEMENTS (KOHA)
Source of classification or shelving scheme
Koha item type Book
Holdings
Withdrawn status Lost status Damaged status Not for loan Collection code Permanent Location Current Location Shelving location Date acquired Total Checkouts Full call number Barcode Date last seen Price effective from Koha item type
          Centre for International Peace & Stability (CIPS) Centre for International Peace & Stability (CIPS) General Stacks 10/01/2013   658.4012 CHA 2012 CIPS0001489 10/22/2013 10/22/2013 Book
© 2023 Central Library, National University of Sciences and Technology. All Rights Reserved.